Základy automatizovaného zpracování dat

Saved in:
Bibliographic Details
Format: Book
Language:Czech
Published: Praha Stát. nakl. techn. lit. 1987
Tags: Add Tag
No Tags, Be the first to tag this record!

MARC

LEADER 00000nam a2200000 4500
001 c036931
005 20260312135401.9
041 0 |a cze 
044 |a CZ 
245 1 0 |a Základy automatizovaného zpracování dat  |c Jiří Lukášek, Jiří Gregor, Ivo Reif 
264 1 |a Praha  |b Stát. nakl. techn. lit.  |c 1987 
300 |a 160 s.